000
00219nam a22000857a 4500
999
_c
11547
_d
11547
008
190618b ||||| |||| 00| 0 eng d
100
_a
Graham G,B
_9
7256
245
_a
One Wintry Night
260
_a
China
_b
Thomas Nelson
_c
2012